Artificial Intelligence: (Record no. 175608)

MARC details
000 -LEADER
fixed length control field 00759nam a22002057a 4500
005 - DATE AND TIME OF LATEST TRANSACTION
control field 20200910161700.0
010 ## - LCCN (DPL NO)
LC control number ENG-128407
020 ## - INTERNATIONAL STANDARD BOOK NUMBER
Terms of availability 699.00
International Standard Book Number 9789353946791
035 ## - SYSTEM CONTROL NUMBER
System control number EN-111939
037 ## - SOURCE OF ACQUISITION
Source of stock number/acquisition DBAD/PUB
082 ## - DEWEY DECIMAL CLASSIFICATION NUMBER
Classification number 006.3
100 ## - MAIN ENTRY--PERSONAL NAME
Personal name Negnevitsky, Michael
245 ## - TITLE STATEMENT
Title Artificial Intelligence:
Remainder of title A Guide to Intelligent Systems/
Statement of responsibility, etc by Michael Negnevitsky
250 ## - EDITION STATEMENT
Edition statement 3rd edition
260 ## - PUBLICATION, DISTRIBUTION, ETC. (IMPRINT)
Place of publication, distribution, etc Noida
Name of publisher, distributor, etc Pearson
Date of publication, distribution, etc 2020
270 ## - ADDRESS
Address 15th floor,Tower-B,Word Trade Tower,Plot no.1,Block-C sec 16,
City Noida
Postal code 201301
Telephone number 04466540100
Electronic mail address companysecretary.india@pearson.com
300 ## - PHYSICAL DESCRIPTION
Extent xx;479p.
Dimensions 23cm(pbk)
Other physical details Illustrations, Diagrams, Graphs and Tables
500 ## - GENERAL NOTE
General note Includes Glossary, Index and References
942 ## - ADDED ENTRY ELEMENTS (KOHA)
Source of classification or shelving scheme Dewey Decimal Classification
Item type English Books
Classification part 006.3
Call number suffix NEG
Holdings
Withdrawn status Lost status Not for loan Collection code Home library Current library Date acquired Source of acquisition Cost, normal purchase price Full call number Barcode Cost, replacement price Koha item type
      Non-fiction Ashok Vihar Ashok Vihar 10/09/2020 DBAD/PUB 699.00 006.3 NEG EN-111939 699.00 English Books

© Delhi Public Library
Hit Counter
free hit counter